000 00323nam a22001457a 4500
008 221013b ||||| |||| 00| 0 eng d
020 _a9781502975157
041 _aeng
080 _a610.73
082 _a610.73 MULL
100 _a6
101 _aINF
245 _aCURE FOR TTHE COMMON LEADER
_cMULL J
942 _2udc
_cBK
999 _c58537
_d58537